Star Wars Series Planet Quiz #3: The Acolyte - Statistics

General Stats
  • This quiz has been taken 9 times
  • The average score is 3 of 5
Answer Stats
Hint Answer % Correct
Osha and Mae's home planet. Brendok
86%
Where the Main Jedi Temple is located. Coruscant
86%
Where Kelnacca is living Khofar
57%
Where Mae poisons Jedi Master Torbin. Olega
43%
Where Jedi Master Indara was killed by Mae. Ueda
14%
No matching quizzes found
Score Distribution
Percent of People with Each Score
Percentile by Number Answered
Your Score History
You have not taken this quiz